[Event "PRVA LIGA CENTRALNE SRBIJE 2015"]
[Site "Kragujevac"]
[Date "2015.09.11"]
[Round "9.5"]
[White "Ilic, Dragan M"]
[Black "Livaja, Mario"]
[Result "1/2-1/2"]
[WhiteElo "2354"]
[BlackElo "2246"]
[PlyCount "81"]
[EventDate "2015.09.05"]

1. d4 Nf6 2. c4 e6 3. Nc3 Bb4 4. e3 b6 5. Be2 Bb7 6. Bf3 Bxf3 7. Qxf3 Nc6 8.
Nge2 O-O 9. O-O d5 10. Rd1 Ne7 11. b3 Ng6 12. Bb2 c6 13. g3 Rc8 14. e4 Be7 15.
e5 Nd7 16. h4 f6 17. h5 Nh8 18. cxd5 fxe5 19. Qg4 exd5 20. Qe6+ Nf7 21. h6 Re8
22. Qh3 Nxh6 23. dxe5 Nxe5 24. Nxd5 cxd5 25. Bxe5 Bc5 26. Bxg7 Kxg7 27. Nf4 Qe7
28. Rxd5 Nf7 29. Qg4+ Kh8 30. Qh5 Qf6 31. Rad1 Re5 32. Rxe5 Nxe5 33. Rd5 Ng6
34. Rd7 Bxf2+ 35. Kxf2 Rc2+ 36. Kf1 Rc1+ 37. Kf2 Rc2+ 38. Kf1 Rc1+ 39. Kf2 Qb2+
40. Ne2 Qf6+ 41. Nf4 1/2-1/2

[Event "PRVA LIGA CENTRALNE SRBIJE 2015"]
[Site "Kragujevac"]
[Date "2015.09.11"]
[Round "9.5"]
[White "Todorovic, Nenad I"]
[Black "Panic, Nenad"]
[Result "1-0"]
[WhiteElo "2197"]
[BlackElo "2352"]
[PlyCount "67"]
[EventDate "2015.09.05"]

1. e4 g6 2. d4 Bg7 3. Nc3 d6 4. Be3 c6 5. a4 Nd7 6. Nf3 Ngf6 7. h3 Qa5 8. Qd2
b5 9. b4 Qxb4 10. axb5 cxb5 11. Rb1 Qa5 12. Rxb5 Qa1+ 13. Rb1 Qa5 14. Bd3 Ba6
15. Bxa6 Qxa6 16. e5 dxe5 17. dxe5 Nh5 18. Nb5 Qc6 19. Nxa7 Qe6 20. Nb5 O-O 21.
Nc7 Qa2 22. O-O Nxe5 23. Nxe5 Bxe5 24. Nxa8 Rxa8 25. Rb7 Bd6 26. Rd1 Rc8 27. c3
Qc4 28. Qd4 Qc6 29. Rb6 Qc7 30. Rc1 Nf4 31. Qd2 Rd8 32. Rxd6 Qxd6 33. Qxd6 Ne2+
34. Kf1 1-0

[Event "PRVA LIGA CENTRALNE SRBIJE 2015"]
[Site "Kragujevac"]
[Date "2015.09.11"]
[Round "9.5"]
[White "Zivkovic, Vladislav"]
[Black "Grkovic, Vladan"]
[Result "1/2-1/2"]
[WhiteElo "2177"]
[BlackElo "2167"]
[PlyCount "50"]
[EventDate "2015.09.05"]

1. c4 c6 2. Nf3 d5 3. b3 Nf6 4. g3 Bf5 5. Bg2 h6 6. Bb2 e6 7. O-O Be7 8. d3 O-O
9. Nbd2 a5 10. a3 Na6 11. Qc2 Nd7 12. Rfd1 Bf6 13. Rac1 e5 14. e4 dxe4 15. dxe4
Be6 16. Nf1 Qb6 17. Rb1 Rfd8 18. Ne3 Qc7 19. Rd2 Nf8 20. Rbd1 Rxd2 21. Rxd2 Ng6
22. h4 h5 23. Bc3 Rd8 24. b4 axb4 25. axb4 Be7 1/2-1/2

[Event "PRVA LIGA CENTRALNE SRBIJE 2015"]
[Site "Kragujevac"]
[Date "2015.09.11"]
[Round "9.6"]
[White "Dimitrijevic, Srdjan"]
[Black "Ristic, Nenad"]
[Result "0-1"]
[WhiteElo "2258"]
[BlackElo "2440"]
[PlyCount "70"]
[EventDate "2015.09.05"]

1. d4 Nf6 2. Nf3 g6 3. c4 Bg7 4. g3 c5 5. d5 b5 6. Bg2 d6 7. O-O O-O 8. cxb5 a6
9. b6 Nbd7 10. Nc3 Nxb6 11. Ne1 a5 12. Nc2 a4 13. Na3 Nfd7 14. f4 Ba6 15. Re1
Nc4 16. Nxc4 Bxc4 17. Qc2 Qa5 18. Bd2 Rfb8 19. Nd1 Qb5 20. Bc3 Bxc3 21. bxc3 a3
22. h4 Nf6 23. Qd2 Ra6 24. Bf3 e6 25. e4 exd5 26. exd5 Qa4 27. g4 Rab6 28. g5
Nd7 29. h5 Nf8 30. h6 Re8 31. Ne3 Rb2 32. Qd1 Bb3 33. axb3 Qxf4 34. Ng2 Rxe1+
35. Nxe1 Qh2+ 0-1

[Event "PRVA LIGA CENTRALNE SRBIJE 2015"]
[Site "Kragujevac"]
[Date "2015.09.11"]
[Round "9.6"]
[White "Stankovic, Ivan G"]
[Black "Radovanovic, Mihajlo"]
[Result "0-1"]
[WhiteElo "2206"]
[BlackElo "2421"]
[PlyCount "88"]
[EventDate "2015.09.05"]

1. e4 c5 2. c4 Nc6 3. Nc3 g6 4. g3 Bg7 5. Bg2 d6 6. Nge2 e6 7. d3 Nge7 8. Be3
Nd4 9. Rb1 O-O 10. O-O Nec6 11. a3 Rb8 12. b4 b6 13. Qd2 Bb7 14. Bh6 Qe7 15.
Bxg7 Kxg7 16. Nxd4 cxd4 17. Na2 e5 18. f4 Qd7 19. f5 f6 20. h4 Ne7 21. b5 gxf5
22. Bh3 Qe8 23. Bxf5 Nxf5 24. Rxf5 Qg6 25. Kh2 d5 26. cxd5 Bxd5 27. Rc1 Be6 28.
Rff1 Rbc8 29. Nb4 Qg4 30. Qg2 Rc5 31. a4 Rfc8 32. Nc6 Rxc1 33. Rxc1 Bd7 34. Qf2
Qh3+ 35. Kg1 Qe6 36. Qc2 a5 37. Kf2 Qh3 38. Rg1 Qg4 39. Rc1 f5 40. exf5 Rf8 41.
Rg1 Rxf5+ 42. Kg2 Rf6 43. Kh1 Rxc6 44. bxc6 Qh3+ 0-1

[Event "PRVA LIGA CENTRALNE SRBIJE 2015"]
[Site "Kragujevac"]
[Date "2015.09.11"]
[Round "9.6"]
[White "Rajkovic, Dusan"]
[Black "Jovic, Stanoje"]
[Result "1/2-1/2"]
[WhiteElo "2367"]
[BlackElo "2290"]
[PlyCount "68"]
[EventDate "2015.09.05"]

1. d4 Nf6 2. c4 e6 3. Nf3 b6 4. g3 Bb7 5. Bg2 c5 6. d5 exd5 7. Nh4 g6 8. Nc3 d6
9. O-O Bg7 10. Bg5 Qd7 11. Bxf6 Bxf6 12. Nxd5 Bg7 13. Qd2 O-O 14. Rad1 Nc6 15.
b3 Rad8 16. f4 f5 17. Nf3 Rfe8 18. e3 h6 19. Nh4 Kh7 20. Rfe1 Ne7 21. Nxe7 Rxe7
22. Bxb7 Qxb7 23. Qd5 Qxd5 24. Rxd5 Bf6 25. Nf3 Kg7 26. Kf2 Kf7 27. h3 h5 28.
Red1 Re6 29. R5d3 Ke7 30. Rg1 Kf7 31. g4 hxg4 32. hxg4 fxg4 33. Rxg4 Rh8 34.
Rd1 a6 1/2-1/2

[Event "PRVA LIGA CENTRALNE SRBIJE 2015"]
[Site "Kragujevac"]
[Date "2015.09.11"]
[Round "9.6"]
[White "Milosevic, Zoran"]
[Black "Todorovic, Goran N"]
[Result "1/2-1/2"]
[WhiteElo "2238"]
[BlackElo "2378"]
[PlyCount "23"]
[EventDate "2015.09.05"]

1. d4 Nf6 2. c4 e6 3. Nf3 b6 4. g3 Ba6 5. b3 Bb4+ 6. Bd2 Bxd2+ 7. Nbxd2 d5 8.
Bg2 O-O 9. Ne5 Bb7 10. O-O Nbd7 11. Ndf3 c5 12. e3 1/2-1/2

[Event "PRVA LIGA CENTRALNE SRBIJE 2015"]
[Site "Kragujevac"]
[Date "2015.09.11"]
[Round "9.6"]
[White "Stankovic, Dragan P"]
[Black "Stojiljkovic, Stefan"]
[Result "1/2-1/2"]
[WhiteElo "2254"]
[BlackElo "2134"]
[PlyCount "62"]
[EventDate "2015.09.05"]

1. g3 d5 2. Nf3 c6 3. b3 Nf6 4. Bb2 g6 5. Bg2 Bg7 6. O-O O-O 7. d3 Ne8 8. Bxg7
Nxg7 9. Nbd2 Nd7 10. c4 e5 11. Qc2 d4 12. b4 Qe7 13. Rab1 a5 14. a3 Ne6 15.
Rfe1 b6 16. e3 dxe3 17. Rxe3 axb4 18. axb4 Qd6 19. Qb2 f6 20. Ne4 Qe7 21. h4
Bb7 22. d4 f5 23. Neg5 e4 24. Nxe6 Qxe6 25. Nd2 Qf7 26. f3 exf3 27. Rxf3 Nf6
28. Re1 Rfe8 29. Rxe8+ Rxe8 30. Qc3 Qe7 31. Rf1 Ng4 1/2-1/2